Cities with more than 10 million people - Statistics

General Stats
  • This quiz has been taken 220 times
  • The average score is 28 of 33
Answer Stats
Country Population (million) Name % Correct
Japan 37.3 Tokyo
99%
India 32.1 Delhi
98%
Mexico 22.1 Mexico City
98%
Turkey 15.6 Istanbul
97%
China 21.3 Beijing
96%
Egypt 21.8 Cairo
95%
Argentina 15.4 Buenos Aires
94%
Russia 12.6 Moscow
94%
Brazil 22.4 Sao Paulo
94%
China 28.5 Shanghai
94%
Philippines 14.4 Manila
92%
France 11.1 Paris
92%
Brazil 13.6 Rio de Janeiro
92%
South Korea 10.0 Seoul
92%
India 21.0 Mumbai
91%
Thailand 10.9 Bangkok
90%
Nigeria 15.4 Lagos
90%
Bangladesh 22.5 Dhaka
88%
Indonesia 11.1 Jakarta
88%
Peru 11.0 Lima
88%
Japan 19.1 Osaka
88%
DR Congo 15.6 Kinshasa
85%
Colombia 11.3 Bogota
84%
Pakistan 16.8 Karachi
81%
China 14.0 Guangzhou
76%
India 15.1 Kolkata
73%
Pakistan 13.5 Lahore
69%
India 11.5 Chennai
62%
India 13.2 Bangalore
61%
China 12.8 Shenzhen
55%
China 14.0 Tianjin
55%
China 16.9 Chongqing
53%
India 10.5 Hyderabad
52%
No matching quizzes found
Score Distribution
Percent of People with Each Score
Percentile by Number Answered
Your Score History
You have not taken this quiz